000 00366nam a22001217a 4500
999 _c3214
_d3214
005 20201119104926.0
008 201119b ||||| |||| 00| 0 eng d
020 _a0281047588
040 _cCML
245 _aA Christian Vision for State Education.
_cCooling T.
260 _aLondon
_bGreat British.
_c1994
942 _2ddc
_cBK
_e1st Edition.
_h960.2
_mCOO